Analysis of gross domestic product and its factors in Slovakia according to the classification NACE
Analýza hrubého domáceho produktu (HDP) na Slovensku v období 2008-2013 v členení podľa klasifikácie ekonomických činností SK NACE na údajoch z databázy Slovstat. Analýza a určenie faktorov, ktoré ovplyvňujú HDP, pomocou pyramidálneho modelu. Tri faktory HDP: účinnosť kapitálu (capital efficiency),...
Salvato in:
| Autore principale: | |
|---|---|
| Natura: | Capitolo di libro |
| Lingua: | inglese |
| Soggetti: | |
| Tags: |
Nessun Tag, puoi essere il primo ad aggiungerne!!
|
MARC
| LEADER | 00000naa$a2200000$$$4500 | ||
|---|---|---|---|
| 001 | 0227503 | ||
| 005 | 20240502073741.3 | ||
| 041 | 0 | |a eng | |
| 044 | |a SK | ||
| 245 | 1 | 0 | |a Analysis of gross domestic product and its factors in Slovakia according to the classification NACE |c Ľubica Hurbánková |
| 520 | |a Analýza hrubého domáceho produktu (HDP) na Slovensku v období 2008-2013 v členení podľa klasifikácie ekonomických činností SK NACE na údajoch z databázy Slovstat. Analýza a určenie faktorov, ktoré ovplyvňujú HDP, pomocou pyramidálneho modelu. Tri faktory HDP: účinnosť kapitálu (capital efficiency), vybavenosť ekonomicky aktívneho obyvateľstva kapitálom (capital equipment of economically active population), ekonomicky aktívne obyvateľstvo (economically active population). Definícia pojmu pyramidálny model, 3-zložkový statický a dynamický variant, logaritmický rozklad pyramidálneho modelu. | ||
| 610 | 2 | 0 | |a produkt domáci hrubý |
| 610 | 2 | 0 | |a analýza ekonomická |
| 610 | 2 | 0 | |a štatistika |
| 610 | 2 | 0 | |a politika hospodárska |
| 610 | 2 | 0 | |a ukazovatele makroekonomické |
| 610 | 2 | 0 | |a Slovensko |
| 610 | 2 | 0 | |a klasifikácia |
| 100 | 1 | |a Hurbánková, Ľubica, 1980- | |